000 01284nam a2200337 a 4500
001 000114663
003 CHAP
005 20220329144452.0
008 180315s2017 mx sm |||||||spa d
010 _a111124
011 _a112096
040 _cCHAP
090 _aTesis
100 1 _aOrantes Salguero, Anidar Xavier.
_9134902
245 1 0 _aAnálisis de crecimiento y extracción de macronutrientes en pimiento (Capsicum annuum var Botánica Grossum)
_h[En línea]
_cpor Anidar Xavier Orantes Saguero.
260 _aChapingo, Méx. :
_bEl autor,
_c2017.
500 _aPara ver el contenido del material haga clic en la liga
502 _aTesis (M.C. en Hoticultura) -- UACH. Departamento de Fitotecnia
590 _aE11695DGD
_b10
_c20180617
_lUCH01
_h1518
590 _aE6339RRR
_b05
_c20180315
_lUCH01
_h1440
590 _aE6339RRR
_b05
_c20180315
_lUCH01
_h1440
590 _aE6339RRR
_b05
_c20180315
_lUCH01
_h1441
650 1 4 _aChile pimiento
_xCrecimiento.
_922475
650 1 4 _aChile pimiento
_xCultivos hidropónicos.
_9130382
650 1 4 _aChile pimiento
_xRendimiento.
_922487
650 1 4 _aFertilizantes
_xEfecto en chile pimiento.
_940494
856 _aFinding aid
_uhttp://10.13.5.2/tesis/sist114663.pdf
_zTeclea aquí
901 _aBK
942 _cLIBRO
942 _n0
999 _c111124
_d111124